Molecular thermodynamics of nonideal fluids /

Bibliographic Details
Main Author: Lee, Lloyd L.
Format: Book
Language:English
Published: Boston : Butterworths, [1988]
Series:Butterworths series in chemical engineering.
Subjects:

MARC

Tag First Indicator Second Indicator Subfields
LEADER 00000cam a2200000 a 4500
001 in00000019189
005 20151007054207.0
008 870305s1988 maua b 00110 eng
010 |a  87006384  
020 |a 0409900885 
035 |a (OCoLC)15365993 
035 |9 AAB4275AM 
040 |a DLC  |c DLC  |d TXA  |d UtOrBLW 
049 |a TXAM  |c [A11086090] 
050 0 0 |a QD504  |b .L43 1988 
082 0 |a 536/.7  |2 19 
100 1 |a Lee, Lloyd L. 
245 1 0 |a Molecular thermodynamics of nonideal fluids /  |c Lloyd L. Lee. 
264 1 |a Boston :  |b Butterworths,  |c [1988] 
264 4 |c ©1988 
300 |a ix, 497 pages :  |b illustrations ;  |c 25 cm. 
336 |a text  |b txt  |2 rdacontent 
337 |a unmediated  |b n  |2 rdamedia 
338 |a volume  |b nc  |2 rdacarrier 
490 1 |a Butterworths series in chemical engineering 
504 |a Bibliography: pages 493-[495]. 
500 |a Includes index. 
650 0 |a Thermodynamics. 
650 0 |a Molecular dynamics. 
650 0 |a Fluid dynamics. 
830 0 |a Butterworths series in chemical engineering. 
999 |a MARS 
999 f f |s 333a38bd-1ed3-3c8c-aed8-e02678273aa5  |i 409b07fa-59af-35b0-a916-bcb7b4f3f701  |t 0 
952 f f |p normal  |a Texas A&M University  |b College Station  |c Sterling C. Evans Library  |d Evans: Library Stacks  |t 0  |e QD504 .L43 1988  |h Library of Congress classification  |i unmediated -- volume  |m A14811086090 
998 f f |a QD504 .L43 1988  |t 0  |l Evans: Library Stacks